2025 NASCAR Xfinity Series Drivers - Statistics

General Stats
  • This quiz has been taken 8 times
  • The average score is 63 of 140
Answer Stats
Team No. Driver % Correct
JR Motorsports 1 Carson Kvapil
100%
Richard Childress Racing 2 Jesse Love
100%
Richard Childress Racing 3 Austin Dillon
88%
Richard Childress Racing 21 Austin Dillon
88%
Richard Childress Racing 21 Austin Hill
88%
Joey Gase Motorsports/Scott Osteen 35 Austin J. Hill
88%
Joey Gase Motorsports/Scott Osteen 53 Austin J. Hill
88%
JR Motorsports 88 Connor Zilisch
88%
AM Racing 25 Harrison Burton
88%
Jordan Anderson Racing 27 Jeb Burton
88%
Jeremy Clements Racing 51 Jeremy Clements
88%
Jordan Anderson Racing 32 Jordan Anderson
88%
JR Motorsports 7 Justin Allgaier
88%
Hendrick Motorsports 17 Kyle Larson
88%
JR Motorsports 88 Kyle Larson
88%
JR Motorsports 8 Sammy Smith
88%
Hendrick Motorsports 17 Alex Bowman
75%
Young's Motorsports 42 Anthony Alfredo
75%
Joe Gibbs Racing 20 Brandon Jones
75%
Kaulig Motorsports 11 Carson Hocevar
75%
SS-Green Light Racing/BRK Racing 14 Carson Hocevar
75%
Hendrick Motorsports 17 Chase Elliott
75%
Joey Gase Motorsports/Scott Osteen 35 Joey Gase
75%
Joey Gase Motorsports/Scott Osteen 53 Joey Gase
75%
Kaulig Motorsports 11 Josh Williams
75%
Alpha Prime Racing 45 Josh Williams
75%
DGM Racing/Jesse Iwuji Motorsports 91 Josh Williams
75%
RSS Racing 28 Kyle Sieg
75%
RSS Racing 39 Kyle Sieg
75%
Joey Gase Motorsports/Scott Osteen 53 Kyle Sieg
75%
Alpha Prime Racing 4 Parker Retzlaff
75%
RSS Racing 39 Ryan Sieg
75%
Haas Factory Team 41 Ryan Sieg
75%
JR Motorsports 9 Shane van Gisbergen
75%
Haas Factory Team 00 Sheldon Creed
75%
Hendrick Motorsports 17 William Byron
75%
Joe Gibbs Racing 18 William Sawalich
75%
Sam Hunt Racing 24 Alon Day
63%
Jordan Anderson Racing 32 Austin Green
63%
Jordan Anderson Racing 87 Austin Green
63%
Jordan Anderson Racing 31 Blaine Perkins
63%
Alpha Prime Racing 44 Brennan Poole
63%
Joe Gibbs Racing 19 Christopher Bell
63%
Sam Hunt Racing 24 Christopher Bell
63%
Hendrick Motorsports 17 Corey Day
63%
JR Motorsports 9 Daniel Suárez
63%
Joey Gase Motorsports/Scott Osteen 35 David Starr
63%
Joey Gase Motorsports/Scott Osteen 53 David Starr
63%
Sam Hunt Racing 26 Dean Thompson
63%
Joe Gibbs Racing 19 Jack Perkins
63%
DGM Racing/Jesse Iwuji Motorsports 91 Jesse Iwuji
63%
RSS Racing 29 J. J. Yeley
63%
Joey Gase Motorsports/Scott Osteen 53 J. J. Yeley
63%
SS-Green Light Racing/BRK Racing 14 Josh Bilicki
63%
DGM Racing/Jesse Iwuji Motorsports 91 Josh Bilicki
63%
Viking Motorsports 99 Matt DiBenedetto
63%
Kaulig Motorsports 11 Michael McDowell
63%
Hendrick Motorsports 17 Rajah Caruth
63%
Jordan Anderson Racing 32 Rajah Caruth
63%
JR Motorsports 9 Ross Chastain
63%
DGM Racing/Jesse Iwuji Motorsports 71 Ryan Ellis
63%
Haas Factory Team 41 Sam Mayer
63%
Joe Gibbs Racing 19 Chase Briscoe
50%
Sam Hunt Racing 24 Corey Heim
50%
Kaulig Motorsports 10 Daniel Dye
50%
Mike Harmon Racing 74 Dawson Cram
50%
SS-Green Light Racing/BRK Racing 14 Garrett Smithley
50%
DGM Racing/Jesse Iwuji Motorsports 92 Natalie Decker
50%
Big Machine Racing 48 Nick Sanchez
50%
Joe Gibbs Racing 19 Ty Gibbs
50%
Joe Gibbs Racing 19 Aric Almirola
38%
SS-Green Light Racing 07 Brad Perez
38%
Alpha Prime Racing 45 Brad Perez
38%
SS-Green Light Racing 07 Carson Ware
38%
Joey Gase Motorsports/Scott Osteen 35 Carson Ware
38%
Mike Harmon 74 Carson Ware
38%
Kaulig Motorsports 16 Christian Eckes
38%
Kaulig Motorsports 11 Daniel Hemric
38%
Hendrick Motorsports 17 Jake Finch
38%
Sam Hunt Racing 24 Jeffrey Earnhardt
38%
Kaulig Motorsports 11 Justin Haley
38%
Jordan Anderson Racing 32 Katherine Legge
38%
Joey Gase Motorsports/Scott Osteen 53 Katherine Legge
38%
Our Motorsports 5 Kaz Grala
38%
Sam Hunt Racing 24 Kaz Grala
38%
Our Motorsports 5 Kris Wright
38%
Sam Hunt Racing 24 Patrick Staropoli
38%
SS-Green Light Racing 07 Preston Pardus
38%
Pardus Racing Inc. 50 Preston Pardus
38%
Joe Gibbs Racing 19 Riley Herbst
38%
SS-Green Light Racing 07 Alex Labbé
25%
Joey Gase Motorsports/Scott Osteen 35 Baltazar Leguizamón
25%
Alpha Prime Racing 5 Cesar Bacarella
25%
Alpha Prime Racing 45 Cesar Bacarella
25%
Joey Gase Motorsports/Scott Osteen 35 Greg Van Alst
25%
RSS Racing 29 Jake Garcia
25%
AM Racing 76 Kole Raz
25%
Alpha Prime Racing 45 Lavar Scott
25%
Joey Gase Motorsports/Scott Osteen 35 Mason Maggio
25%
Joey Gase Motorsports/Scott Osteen 53 Mason Maggio
25%
MBM Motorsports 66 Mason Maggio
25%
DGM Racing/Jesse Iwuji Motorsports 91 Mason Maggio
25%
SS-Green Light Racing 07 Patrick Emerling
25%
Sam Hunt Racing 24 Ryan Truex
25%
Joey Gase Motorsports/Scott Osteen 53 Sage Karam
25%
Kaulig Motorsports 11 Will Brown
25%
Kaulig Motorsports 11 Brenden Queen
13%
DGM Racing/Jesse Iwuji Motorsports 91 C. J. McLaughlin
13%
DGM Racing/Jesse Iwuji Motorsports 92 C. J. McLaughlin
13%
JR Motorsports 9 Connor Mosack
13%
SS-Green Light Racing/BRK Racing 14 Connor Mosack
13%
Viking Motorsports 99 Connor Mosack
13%
Richard Childress Racing 33 Kasey Kahne
13%
Cope Family Racing 70 Leland Honeyman
13%
DGM Racing/Jesse Iwuji Motorsports 92 Leland Honeyman
13%
Alpha Prime Racing 45 Mason Massey
13%
DGM Racing/Jesse Iwuji Motorsports 91 Matt Mills
13%
Joey Gase Motorsports/Scott Osteen 35 Stefan Parsons
13%
Alpha Prime Racing 45 Stefan Parsons
13%
Joey Gase Motorsports/Scott Osteen 35 Tyler Tomassi
13%
MBM Motorsports 66 Tyler Tomassi
13%
Joey Gase Motorsports/Scott Osteen 35 Andre Castro
0%
DGM Racing/Jesse Iwuji Motorsports 91 Andrés Pérez de Lara
0%
Jordan Anderson Racing 32 Andrew Patterson
0%
Alpha Prime Racing 5 Glen Reen
0%
Joey Gase Motorsports/Scott Osteen 35 Glen Reen
0%
RSS Racing 28 Joey Hand
0%
Joe Gibbs Racing 18 Justin Bonsingore
0%
Joe Gibbs Racing 19 Justin Bonsingore
0%
SS-Green Light Racing 07 Logan Bearden
0%
SS-Green Light Racing/BRK Racing 14 Logan Bearden
0%
Joey Gase Motorsports/Scott Osteen 53 Logan Bearden
0%
DGM Racing/Jesse Iwuji Motorsports 91 Myatt Snider
0%
SS-Green Light Racing 07 Nick Leitz
0%
RSS Racing 28 Nick Leitz
0%
Joey Gase Motorsports/Scott Osteen 35 Rubén Rovelo
0%
Joey Gase Motorsports/Scott Osteen 35 Takuma Koga
0%
Sam Hunt Racing 24 Trevor Bayne
0%
Alpha Prime Racing 45 Vincente Salas
0%
Cope Family Racing 70 Will Rodgers
0%
No matching quizzes found
Score Distribution
Percent of People with Each Score
Percentile by Number Answered
Your Score History
You have not taken this quiz